000 00915nam a2200217Ia 4500
999 _c32498
_d32498
003 OSt
005 20210530232918.0
008 160316s2012 xxu||||| |||| 00| 0 eng d
020 _a9789381082362
040 _cn
082 _a343.099800
_bJET
100 _aJethmalani Ram
245 _aCases and materials on media law
260 _aNew Delhi
_bThomson Reuters
_c2012
300 _a1675p
365 _b Rs. 1,750
505 _aDescription The book, Cases and Materials on Media Law, is a unique book of its kind. It contains comprehensive coverage of the Act with the leading judgments on each of the topic and explained with short facts and proposition of law.; Salient Features; Includes latest judgments on Media Law; Extremely useful for the law students and practicing lawyers
650 _a1. Law & Media - India 2. Media Law - Legislations - India
700 _aChopra D S
_a
942 _2ddc
_cBK